000 00619nam a22002057a 4500
003 koha_MIRAKIL
005 20251230150827.0
008 251230b tur||||| |||| 00| 0 tur d
020 _a9786053121268
040 _aTR-IsEVY
_btur
_cTR-IsEVY
041 _atur
082 _a667 DIT/G
100 _aDitchfield, Christin
245 0 _aGeçmişten günümüze :
_bsabun /
_cChristin Ditchfield.
260 _aAnkara :
_bTübitak,
_c2017.
300 _a32 s. :
_brenkli resimli ;
_c26 cm.
490 0 _aGeçmişten Günümüze.
650 _aÜretim.
_vTemizlik Ürünleri.
_vSabun.
_vSabun Yapımı.
942 _2ddc
_cBK
999 _c23162
_d23162